| 000 | 00389 a2200145 4500 | ||
|---|---|---|---|
| 020 | _a9789694073408 | ||
| 082 | _a 181.07 | ||
| 090 |
_c3059 _d3059 |
||
| 100 | _a Sharif, M. M. | ||
| 245 |
_a A History of Muslim Philosophy _c Sharif, M. M. |
||
| 260 |
_aKarachi: _bRoyal Book Company _c2007. |
||
| 300 |
_a xi, 787 p. ; _bVOL I _c24 cm. |
||
| 500 | _a Includes Index | ||
| 942 |
_cBK _k181.07 SHA |
||
| 999 |
_c6976 _d6976 |
||